Transportation : A Supply Chain Perspective (Record no. 327385)
[ view plain ]
| 000 -LEADER | |
|---|---|
| fixed length control field | 00563 a2200157 4500 |
| 001 - CONTROL NUMBER | |
| control field | 92312 |
| 082 ## - DEWEY DECIMAL CLASSIFICATION NUMBER | |
| Classification number | 388 COY |
| 090 ## - LOCALLY ASSIGNED LC-TYPE CALL NUMBER (OCLC); LOCAL CALL NUMBER (RLIN) | |
| -- | 44267 |
| -- | 44268 |
| 100 ## - MAIN ENTRY--PERSONAL NAME | |
| Personal name | John J. Coyle; Robert A. Novack; Brian J Gibson; Edward J. Bardi |
| 245 ## - TITLE STATEMENT | |
| Title | Transportation : A Supply Chain Perspective |
| Statement of responsibility, etc. | Coyle ; Navack |
| Medium | English |
| 250 ## - EDITION STATEMENT | |
| Edition statement | 7th |
| 260 ## - PUBLICATION, DISTRIBUTION, ETC. | |
| Date of publication, distribution, etc. | 2011 |
| Place of publication, distribution, etc. | Australia |
| Name of publisher, distributor, etc. | South-Western Cengage Learning |
| 300 ## - PHYSICAL DESCRIPTION | |
| Extent | xxii, 506 p. |
| Other physical details | Alhafiz photocopy |
| 500 ## - GENERAL NOTE | |
| General note | textbook Aviation science DOS (Original Book) |
| 856 ## - ELECTRONIC LOCATION AND ACCESS | |
| Materials specified | Book having Acc No.s 86917, 86920 shifted to SOL kohat |
| 942 ## - ADDED ENTRY ELEMENTS (KOHA) | |
| Institution code [OBSOLETE] | CAE NUST |
| Call number prefix | 388 COY |
| Withdrawn status | Lost status | Damaged status | Not for loan | Collection code | Permanent Location | Current Location | Date acquired | Total Checkouts | Full call number | Barcode | Date last seen | Price effective from | Koha item type |
|---|---|---|---|---|---|---|---|---|---|---|---|---|---|
| College of Aeronautical Engineering (CAE) | College of Aeronautical Engineering (CAE) | 04/03/2017 | 388 COY | CAE86466 | 04/05/2017 | 04/05/2017 | Book |
